000 01342cam a2200229 4500500
005 20251228060113.0
041 _afre
042 _adc
100 1 0 _aChoulot, Jean-Jacques
_eauthor
245 0 0 _aLes difficultés de l'adoption internationale
260 _c2005.
500 _a29
520 _aRésumé Les difficultés concernant l’adoption internationale sont nombreuses. Elles concernent autant les conditions d’adoption, l’histoire propre de chaque enfant adopté, que l’état de santé de ces enfants. La pratique régulière dans une consultation pédiatrique et psychologique recevant des enfants adoptés nous conduit à en avertir les parents candidats à l’adoption. Il n’existe pas en France d’études sur l’avenir lointain des familles adoptives. Il nous semble que l’information des candidats à l’adoption s’impose, en évitant les adoptions les plus à risques.
690 _aadoption individuelle
690 _aadoption non éthique
690 _afiabilité des informations (sur l'origine
690 _al'abandon
690 _al'état de santé)
690 _aorganisme agréé pour l'adoption (oaa)
786 0 _nEnfances & Psy | 29 | 4 | 2005-10-01 | p. 32-38 | 1286-5559
856 4 1 _uhttps://shs.cairn.info/revue-enfances-et-psy-2005-4-page-32?lang=fr&redirect-ssocas=7080
999 _c1586959
_d1586959